000 00303nam a22001337a 4500
008 180924b xxu||||| |||| 00| 0 eng d
020 _a9780071586870
041 _aeng
080 _a616-053.2
100 _a8
101 _aPED
245 _aPediatric Anesthesia handbook
_cYemen,T.A
942 _2udc
_cBK
999 _c48327
_d48327